00364 a2200145 4500003000400000005001700004008004100021020001800062040000900080082002000089100001700109245003700126260004500163300001000208OSt20231005100730.0230918b |||||||| |||| 00| 0 eng d a9780670092666 coclc a894.3534bPAM/N aPamuk, Orhan aNights of Plague / cOrhan Pamuk aNew Delhi:bPenguin random house,c2022. a683 p